| 000 | 01103nam a22003497a 4500 | ||
|---|---|---|---|
| 001 | 0007333 | ||
| 003 | KOHA_MİRAKIL | ||
| 005 | 20260207001554.0 | ||
| 007 | ta | ||
| 008 | 090916b1998 tu |||gr||||#||||1|tur | | ||
| 020 | _a9755201645 | ||
| 040 |
_aTR-BiSEU _btur _cTR-BiSEU _erda |
||
| 041 | 0 | _atur | |
| 044 | _ctu | ||
| 050 |
_aPT2673 _b.M53 1998 |
||
| 100 | 1 | _aMicieli, Frabncesco. | |
| 245 | 1 |
_aTek bildiğim babamın ellerinin büyük olduğu: bir çoçuğun günlüğünden/ _cFrabncesco Micieli ; Frabncesco Micieli; çeviren Gertrude Durusoy. |
|
| 264 | 1 |
_aAnkara : _bGündoğdu _c1998 |
|
| 300 | _a91 sayfa; 19 cm. | ||
| 336 |
_ametin _btxt _2rdacontent |
||
| 337 |
_aaracısız _bn _2rdamedia |
||
| 338 |
_acilt _bnc _2rdacarrier |
||
| 490 | 1 |
_aGündoğdu Yayınları ; _v99.160. |
|
| 490 | 1 |
_aEdebiyat dizisi ; _v12.49. |
|
| 500 | _aDizin var. | ||
| 650 | 0 |
_aMicieli Francesco. _918235 |
|
| 650 | 0 |
_aGünlükler. _918236 |
|
| 650 | 0 |
_aDiaries. _918237 |
|
| 830 | 1 |
_aGündoğdu Yayınları ; _v99.160. _918238 |
|
| 830 | 1 |
_aEdebiyat dizisi ; _v12.49. _97394 |
|
| 942 |
_2lcc _cBK |
||
| 999 |
_c7312 _d7312 |
||